000 00649nam a2200253Ia 4500
005 20251020182446.0
008 200515s9999 xx 000 0 und d
020 _a84-380-0255-2
082 _a550.83/G25
100 _aGarcía Yagüe, Ángel
245 0 _aTemas de Geología aplicada a las obras públicas
250 _a1a ed.
260 _a[Madrid]
260 _bColegio de Ingenieros de Caminos, Canales y Puertos
260 _c2003
300 _a266 p.
300 _bil., tbl., graf.
490 _aColección Escuelas
500 _a1 ejemplar
650 _aGEOLOGIA
650 _aOBRAS PUBLICAS
942 _cLIB
999 _c711
_d711